| 000 | 00585nam a22002417a 4500 | ||
|---|---|---|---|
| 003 | UA-OsUOA | ||
| 001 | 27906 | ||
| 007 | ta | ||
| 008 | 20040916b un ||||| |||| 00| 0 ukr d | ||
| 100 | _aБоденчук Володимир | ||
| 090 |
_a796(47+57) _bБ75 |
||
| 942 | _cBK | ||
| 040 |
_aUA-OsUOA _bukr _cUA-OsUOA _dUA-OsUOA |
||
| 245 | _aЧесть прапора | ||
| 300 |
_a160 с. _bІлюстрації |
||
| 955 | _a0 | ||
| 041 | _aukr | ||
| 080 | _a796(47+57) | ||
| 260 |
_aКиїв _bЗдоров'я _c1987 |
||
| 044 | _aUA | ||
| 650 | 7 | _2UDC | |
| 999 |
_c314258 _d314258 |
||